Thank You For Being Late (Record no. 343852)

MARC details
000 -LEADER
fixed length control field 00517nam a2200169Ia 4500
008 - FIXED-LENGTH DATA ELEMENTS--GENERAL INFORMATION
fixed length control field 230718s9999 xx 000 0 und d
020 ## - INTERNATIONAL STANDARD BOOK NUMBER
International Standard Book Number 9780241300978
041 ## - LANGUAGE CODE
Language code of text/sound track or separate title eng
082 ## - DEWEY DECIMAL CLASSIFICATION NUMBER
Classification number 818.5402
Item number FRI
100 ## - MAIN ENTRY--PERSONAL NAME
Personal name Friedman T.L.
9 (RLIN) 110044
245 ## - TITLE STATEMENT
Title Thank You For Being Late
Remainder of title An Optimist's Guide To Thriving In The Age Of Accelerations
260 ## - PUBLICATION, DISTRIBUTION, ETC. (IMPRINT)
Date of publication, distribution, etc. 2016
Name of publisher, distributor, etc. Allen Lane
300 ## - PHYSICAL DESCRIPTION
Extent 486
365 ## - TRADE PRICE
Currency code Rs.
Price amount 799.00
700 ## - ADDED ENTRY--PERSONAL NAME
Personal name Friedman T.L.
9 (RLIN) 110044
906 ## - LOCAL DATA ELEMENT F, LDF (RLIN)
d O:0364719-Dec-2016B:259213-Dec-2016
c GENRL
b 175.78
Holdings
Withdrawn status Lost status Damaged status Not for loan Home library Current library Date acquired Vendor Budget Code Cost, normal purchase price Bill number Total Checkouts Full call number Barcode Date last seen Discount Cost, replacement price Bill Date Koha item type Original Barcode
        Cummins College of Engineering for Women Pune Cummins College of Engineering for Women Pune 02/01/2017 Technical Book Services GENRL 623.22 2592   818.5402 CCEP-BK-55059 18/07/2023 175.78 799.00 13/12/2016 Books 055059